01319nab a2200241 uc450000100070000000500170000700800410002403500110006503500210007604000130009704100080011010000720011824500500019052005040024065000350074465000210077965000230080065000560082365000490087977301200092894200100104899900190105860196220240201134131.0000616e20000605 spa  a601962 a(OCoLC)819835372 ccomduadb aspa10aPatiño Restrepo, José Félix4aut0(viaf)13780616eaut928381314aLos recursos se desperdician o se desaparecen3 aEL doctor Feliz Patino Restrepo afirma que la crisis de la salud se inicio por la abundancia de recursos para el sector salud y la falla fue el haber puesto en marcha la Ley 100 sin estructurar un buen sistema de informacion, y establecer mecanismos de control y el excesivo surgimiento de intermediarios que solo buscan es el lucro, tambien presenta una serie de criticas que tiene que ver con los RIA, la evasion, las glosas y hace una evaluacion de las EPS, IPS y ARS y sus excesivas ganancias. 7aSeguridad social2embne935032 aCrítica943931 aEvaluación97220 aSistema General de Seguridad Social en Salud922212 aRIA (Registro individual de atencion)9756180 tEl Pulso : Periódico para el sector de la salud (Medellín)gNo. 021, Jun. 2000, p. 3w441637x0124-43880119894 cARIMP c154110d154110